000 01266cam a2200241 i 4500
003 SA-RiAUC
005 20251117131834.0
008 251114s1972 su g 10000 ara c
040 _aSA-RiAUC
_bara
_cSA-RiAUC
_erda
043 _aa-su---
_ae------
082 0 4 _a214.323
090 _a214.323
_bن د و
111 2 _aالندوة العلمية حول الشريعة الإسلامية وحقوق الإنسان في الإسلام بين كبار علماء المملكة وأخرين من كبار رجال الفكر والقانون في أوروبا
_d(1972 :
_cالرياض)
245 1 0 _aندوة علمية فيما بين فريق من كبار علماء المملكة العربية السعودية وبين فريق من كبار رجال القانون والفكر في أوربة حول الشريعة الإسلامية وحقوق الإنسان في الإسلام.
264 1 _aالرياض :
_bوزارة الإعلام،
_c1972
300 _a42،38 صفحة ؛
_c17 سم
336 _aنص
_btxt
_2rdacontent
_3كتاب
337 _aبدون وسيط
_bn
_2rdamedia
338 _aمجلد
_bnc
_2rdacarrier
650 7 _aالأخلاق الإسلامية
_2aucsh
942 _2ddc
_cBOOK
_n0
949 _aSA-JeALM
_d251114
_umohamedma123
_n1
999 _c13313
_d13313